[Event "Ambalangoda Dhamso op 3rd"]
[Site "Ambalangoda"]
[Date "2013.02.24"]
[Round "7"]
[White "Ankush, Raktade"]
[Black "De Moraes, Shamine"]
[Result "1/2-1/2"]
[WhiteElo "1630"]
[BlackElo "1895"]
[PlyCount "68"]
[EventDate "2013.02.21"]
[EventType "swiss"]
[EventRounds "9"]
[EventCountry "SRI"]
[SourceTitle "CBM 153 Extra"]
[Source "ChessBase"]
[SourceDate "2013.04.22"]
[SourceVersion "1"]
[SourceVersionDate "2013.04.22"]
[SourceQuality "1"]

1. e4 e6 2. d4 d5 3. e5 c5 4. c3 Nc6 5. Nf3 Qb6 6. Bd3 cxd4 7. cxd4 Bd7 8. Bc2 Rc8 9. 0-0 Nge7 10. Nc3 Nf5 11. Bxf5 exf5 12. Nxd5 Qa5 13. Nf4 Rd8 14. Qb3 Qb4 15. Qxb4 Nxb4 16. a3 Nc2 17. Rb1 Bc6 18. Ne2 Bb5 19. Bg5 Rc8 20. Rfc1 Bxe2 21. Ne1 Be7 22. Bd2 Kd7 23. Rxc2 Rxc2 24. Nxc2 Bd3 25. Rc1 Rc8 26. Ne3 Rxc1+ 27. Bxc1 Bg5 28. g3 Bxe3 29. Bxe3 Ke6 30. Bd2 Kd5 31. Bc3 Be4 32. f4 h5 33. Kf2 g6 34. Ke3 Bc2 1/2-1/2